01356agaaa2200289 45000010005000000030009000050050017000140070009000310080040000400400023000800410013001031000053001161300041001692450131002102500022003412600109003633000033004725110018005055200105005235380016006285460013006446500074006577000065007319420012007969990019008089520239008271743IT-RoPAU20220918181304.0d cvaizq50131s9999||||xx ||| | || ||und|| aIT-RoPAUcIT-RoPAU aITALIANO aAltman RobertgCodice regista SPICS: 9953954110 aR. ALTMAN PARLA DEI SUOI FILM954111 aR. ALTMAN PARLA DEI SUOI FILMcDiretto da: Altman RobertpR. ALTMAN PARLA DEI SUOI FILM (Rif. Codice opera principale : 21743) aEdizione Standard aROMA (STATI UNITI)bRAI - RADIO TELEVISIONE ITALIANA / g"1982 (1° ed.: 1982 ; Ed. Lingua Orig.: 1982)" aVHSbsonoro, col.c30 minuti aAltman Robert aROBERT ALTMAN PARLA DEI SUOI FILM DOCUMENTARIO IN LINGUA ORIGINALE INGLESECON TRADUZIONE IN ITALIANO aPAL, STEREO aITALIANO aINTERVISTAeSTUDI SUL CINEMA [VHS]xCodice MATERIA SPICS: 9959954112 aAltman Robert e(regista)gCodice regista SPICS: 9953954113 cVH2ddc c107957d107957 001040621743_00000000000000071aSPICSbSPICSd2015-01-31l0o21743r2015-01-31 00:00:00w2015-01-31yVHzProgr. Ins.: 1538 / N.Vol.:1 / Copie: 1 / Pag.: / Copia rara: n.d. / date import: 1.2.2015 / By Epidotti, Trombetti, Vaglietti